Truyện ngắn đặc sắc Nga /
Bewaard in:
| Andere auteurs: | |
|---|---|
| Formaat: | Sách giấy |
| Taal: | Vietnamese Russian |
| Gepubliceerd in: |
H. :
Văn học,
2018.
|
| Onderwerpen: | |
| Tags: |
Voeg label toe
Geen labels, Wees de eerste die dit record labelt!
|
| Thư viện lưu trữ: | Thư viện Trường Đại học Đà Lạt |
|---|
| LEADER | 01200nam a2200313 4500 | ||
|---|---|---|---|
| 001 | DLU190193191 | ||
| 005 | ##20191030 | ||
| 020 | # | # | |a 9786049690457 |
| 040 | # | # | |a DLU |b vie |
| 041 | # | # | |a vie |h rus |
| 044 | # | # | |a vn |
| 082 | # | # | |a 891.73 |b Tru |
| 245 | # | # | |a Truyện ngắn đặc sắc Nga / |c Thúy Toàn dịch. |
| 260 | # | # | |a H. : |b Văn học, |c 2018. |
| 300 | # | # | |a 307 tr. ; |c 21 cm. |
| 505 | # | # | |a Những đốm lửa -- Băng chuyền -- Chiếc vĩ cầm của Gvarneri -- Ngày cuối cùng của một năm -- Bến lặng -- Tại căn nhà của Xiôncốpxki -- Gặp lại -- Đâu đường phố ấy, đâu căn nhà ấy -- Con trai người phi công -- Cuộc sống đã kịp thời bổ khuyết -- Con gái rượu -- Xôê -- Ý kiến riêng -- Buổi sáng của ngài tổng thống -- Đại tá Giagata -- Mạch nước -- Chiếc phong bì màu xanh lam. |
| 650 | # | # | |a Truyện ngắn Nga. |
| 700 | # | # | |a Thúy Toàn, |e dịch. |
| 923 | # | # | |a 07/2019 |
| 991 | # | # | |a SH |
| 992 | # | # | |a 86000 |
| 994 | # | # | |a DLU |
| 900 | # | # | |a True |
| 911 | # | # | |a Nguyễn Thanh Hương |
| 925 | # | # | |a G |
| 926 | # | # | |a A |
| 927 | # | # | |a SH |
| 980 | # | # | |a Thư viện Trường Đại học Đà Lạt |


